A háziorvosi ellátás jelene, háziorvosi ellátás a "végeken"
Elmentve itt :
| Szerző: | |
|---|---|
| További közreműködők: | |
| Dokumentumtípus: | Szakdolgozat |
| Megjelent: |
2004
|
| Tárgyszavak: | |
| Online Access: | http://diploma.bibl.u-szeged.hu/29186 |
| LEADER | 00570nta a2200157 i 4500 | ||
|---|---|---|---|
| 001 | dipl29186 | ||
| 005 | 20130314090151.0 | ||
| 008 | 110816s2004 hu om 0|| zxx d | ||
| 040 | |a SZTE Diploma Repozitórium |b hun | ||
| 041 | |a zxx | ||
| 100 | 1 | |a Tomatás Edit | |
| 245 | 1 | 2 | |a A háziorvosi ellátás jelene, háziorvosi ellátás a "végeken" |h [elektronikus dokumentum] / |c Edit Tomatás |
| 260 | |c 2004 | ||
| 650 | 4 | |a Jogi és igazgatási tanulmányok | |
| 700 | 1 | |a Furák Ilona |e ths | |
| 856 | 4 | 0 | |u http://diploma.bibl.u-szeged.hu/id/eprint/29186/1/2004_tomatas_edit.pdf |z Dokumentum-elérés |